00366nam a2200157Ia 4500001000500000005001700005008004100022041000800063082001500071100002400086245004500110260000900155300002800164650000800192654000800200807120260306160542.0260306t2007||||xx |||||||||||||| ||spa|| aESP a370.1bI94 aIvern, AlbertoeAUT 0aHacia una pedagogía de la reciprocidad c2007 a126 páginas :c22 cm. aGEN aCED